| 000 | 00885cam a22002531 4500 | ||
|---|---|---|---|
| 001 | 24234 | ||
| 003 | BD-RjUL | ||
| 005 | 20211209001026.0 | ||
| 008 | 140312s1908 mauaf 000 0 eng | ||
| 035 | _a(BD-RjUL)24300 | ||
| 035 | _a(OCoLC)1307954 | ||
| 040 |
_aDLC _cFO _dBD-RjUL _beng |
||
| 041 | _aeng | ||
| 082 | 0 | 0 | _bSHU 1908 |
| 100 | 1 |
_aShelley, Henry Charles. _974651 |
|
| 245 | 1 | 0 |
_aUntrodden English ways / _cby Henry C. Shelley ... with four full-page plates in colour, and illustrations from drawings by H.C. Colby and from photographs by the author. |
| 260 |
_aBoston : _bLittle, Brown, and Company, _cc1908. |
||
| 300 |
_axv, 341 p. : _bcol. front., illus. 35 pl. ; _c23 cm. |
||
| 651 | 0 |
_aGreat Britain _xDescription and travel. _950815 |
|
| 856 | 4 | 1 | _uhttp://hdl.loc.gov/loc.gdc/scd0001.00005474012 |
| 942 |
_2ddc _cBK |
||
| 999 |
_c24234 _d24234 |
||